| 000 | 01710nam a2200277Ia 4500 | ||
|---|---|---|---|
| 003 | PE SENCICO BE | ||
| 005 | 20251020182439.0 | ||
| 008 | 200515s9999 xx 000 0 und d | ||
| 020 | _a968-451-441-7 | ||
| 040 |
_aPE SENCICO BE _cPE SENCICO BE |
||
| 041 | _aspa | ||
| 082 |
_a526.9 _bA57 |
||
| 100 | 1 |
_aAnderson, James M. _93234 _eautor |
|
| 245 | 1 | 0 |
_aIntroducción a la topografía / _cJames M. Anderson, Edward M. Mikhail, revisión: Fernando García Márquez |
| 250 | _a1a ed. | ||
| 260 |
_aMéxico, D.F. : _bMcGraw-Hill ; _c1987 |
||
| 300 |
_a753 páginas : _bilustraciones, diagramas ; _c22 cm. |
||
| 505 | 0 | _aTopografía y planimetría -- Mediciones y errores en los levantamientos -- Trabajo de campo y de gabinete -- Medición de la distancia -- Medición de la distancia en vertical: nivelación -- Medición de ángulos y direcciones -- Estadía y taquimetría -- Poligonal -- Otros trabajos de levantamiento -- Planimetría y elaboración de planos -- Proyecciones cartográficos y coordenadas planas estatales -- Levantamientos topográficos y de control -- Levantamientos fotogramétricos y planimetría -- Levantamiento de ruta y de construcción -- Levantamiento de terrenos -- Propagación del error y ajuste en las mediciones de los levantamientos -- Conceptos matemáticos elementales | |
| 520 | 3 | _aProporciona una secuencia lógica de los temas que se relacionan con la práctica corriente y los desarrollo tecnológicos en el campo de la topografía. | |
| 650 | 1 | 0 |
_aTopografía _94 |
| 650 | 2 | 0 |
_aLevantamiento topográfico _9116 |
| 650 | 2 | 0 |
_aNivelación de terrenos _93229 |
| 650 | 2 | 0 |
_aPlanimetría _91232 |
| 700 | 1 |
_93235 _aMikhail, Edward M. _eautor |
|
| 942 |
_cLIB _2ddc |
||
| 999 |
_c478 _d478 |
||